Statistiche per Tennisti primi in classifica ATP per almeno 100 settimane consecutive

Clicka qui per fare il quiz!

Statistiche generali

  • Questo quiz è stato fatto 16 volte
  • Il punteggio medio è 4 su 5

Statistiche sulle risposte

NazioneSettimane al primo postoInizioFineTennista% Corretto
Serbia1227 luglio 20146 novembre 2016Novak Djokovic
100%
Svizzera2372 febbraio 200417 agosto 2008Roger Federer
100%
Stati Uniti10214 aprile 199629 marzo 1998Pete Sampras
81%
Cecoslovacchia1579 settembre 198511 settembre 1988Ivan Lendl
63%
Stati Uniti16029 luglio 197422 agosto 1977Jimmy Connors
50%

Distribuzione punteggi

Percentile per numero di risposta

Percentuale di utenti per punteggio

I tuoi punteggi nel tempo

Non hai fatto questo quiz